000 00269nam a22001217a 4500
003 SGT
082 _a370
_bHOD
100 _aHIDKINSON. ALAN
245 _aKEY ISSUE IN SPECIAL EDUCATION NEEDS INCLUSION
260 _aUSA
_bSAGE
_c2014
300 _a188
942 _2ddc
_cBK
999 _c17801
_d17801